| 000 | 00490nam a2200181Ia 4500 | ||
|---|---|---|---|
| 005 | 20250423101256.0 | ||
| 008 | 250422s9999 xx 000 0 und d | ||
| 020 | _a9780335219339 | ||
| 050 | _aP 301.5 .M87/ | ||
| 100 | _aMurray, Rowena. | ||
| 245 | 4 | _aThe handbook of academic writing: a fresh approach | |
| 260 | _a New York | ||
| 260 | _bOpen University Press | ||
| 260 | _c2006 | ||
| 300 | _a196 p | ||
| 650 | _a Academic writing - Handbook Scholarly publishing. | ||
| 942 | _cBK | ||
| 999 |
_c35826 _d35826 |
||